[Event "Torneo Zonal FIDE 2.5 Masculino 2011"]
[Site "Asuncion PAR"]
[Date "2011.05.16"]
[Round "1.1"]
[White "Peralta, Eduardo"]
[Black "Flores, Diego"]
[Result "0-1"]
[WhiteElo "2237"]
[BlackElo "2611"]
[PlyCount "58"]
[EventDate "2011.05.16"]
[EventType "swiss"]
[EventRounds "9"]
[EventCountry "PAR"]
[Source "lmi"]
[SourceDate "2011.05.16"]

1. e4 c5 2. Nc3 Nc6 3. f4 e6 4. Nf3 Nge7 5. g3 d5 6. d3 b5 7. e5 Nf5 8. Bh3 h5
9. O-O b4 10. Ne2 a5 11. c4 bxc3 12. bxc3 Ba6 13. Rb1 Be7 14. Qa4 Qd7 15. Qc2
g6 16. Re1 Kf8 17. Bd2 Kg7 18. Bg2 Qa7 19. Kh1 d4 20. Nh4 dxc3 21. Nxf5+ gxf5
22. Qxc3 Nb4 23. Nc1 Rad8 24. Rb2 h4 25. gxh4 Bxh4 26. Be3 Bg3 27. Bf3 Bb7 28.
Bxb7 Qxb7+ 29. Kg1 Qf3 0-1

[Event "Torneo Zonal FIDE 2.5 Masculino 2011"]
[Site "Asuncion PAR"]
[Date "2011.05.16"]
[Round "1.2"]
[White "Mareco, Sandro"]
[Black "Jimenez, Joaquin"]
[Result "1-0"]
[WhiteElo "2591"]
[BlackElo "2224"]
[PlyCount "69"]
[EventDate "2011.05.16"]
[EventType "swiss"]
[EventRounds "9"]
[EventCountry "PAR"]
[Source "lmi"]
[SourceDate "2011.05.16"]

1. Nf3 Nf6 2. c4 e6 3. g3 d5 4. Bg2 Be7 5. O-O O-O 6. d4 c6 7. Qc2 b6 8. b3
Nbd7 9. Nc3 Ba6 10. Rd1 Qe8 11. Bb2 dxc4 12. bxc4 Bxc4 13. Nd2 Ba6 14. Bxc6 Rb8
15. Rac1 Qc8 16. Nb5 Nc5 17. Nxa7 Qc7 18. dxc5 Qxa7 19. Ne4 bxc5 20. Bxf6 Bxf6
21. Nxc5 Bc8 22. a4 Rb2 23. Qc4 Qc7 24. Bb5 h5 25. Qe4 Qb6 26. Nd7 Bxd7 27.
Rxd7 Rxb5 28. axb5 Qxb5 29. Rcc7 h4 30. Rxf7 Rxf7 31. Rc8+ Rf8 32. Qxe6+ Kh7
33. Rxf8 Qb1+ 34. Kg2 Qb7+ 35. e4 1-0

[Event "Torneo Zonal FIDE 2.5 Masculino 2011"]
[Site "Asuncion PAR"]
[Date "2011.05.16"]
[Round "1.3"]
[White "Mesias Rojas, Rabindranath"]
[Black "Felgaer, Ruben"]
[Result "1/2-1/2"]
[WhiteElo "2205"]
[BlackElo "2570"]
[PlyCount "66"]
[EventDate "2011.05.16"]
[EventType "swiss"]
[EventRounds "9"]
[EventCountry "PAR"]
[Source "lmi"]
[SourceDate "2011.05.16"]

1. e4 c5 2. Nf3 e6 3. c3 Nf6 4. e5 Nd5 5. d4 cxd4 6. cxd4 d6 7. a3 Nd7 8. Bd3
dxe5 9. dxe5 g6 10. O-O Bg7 11. Qe2 O-O 12. Bd2 b6 13. Nc3 Bb7 14. Rfe1 Nc5 15.
Bc4 Nxc3 16. Bxc3 Qc7 17. Rac1 Rac8 18. b4 Nd7 19. Bb2 Qb8 20. Rcd1 Bxf3 21.
gxf3 Nxe5 22. Ba6 Nxf3+ 23. Qxf3 Bxb2 24. Bxc8 Qxc8 25. Re2 Bg7 26. Red2 a5 27.
bxa5 bxa5 28. Rd7 Qc5 29. Rb7 Bd4 30. Rd7 e5 31. Rf1 Qc4 32. Qd5 Qa4 33. Rb1
Bxf2+ 1/2-1/2

[Event "Torneo Zonal FIDE 2.5 Masculino 2011"]
[Site "Asuncion PAR"]
[Date "2011.05.16"]
[Round "1.4"]
[White "Bachmann, Axel"]
[Black "Vazquez, Guilermo"]
[Result "1/2-1/2"]
[WhiteElo "2551"]
[BlackElo "2199"]
[PlyCount "39"]
[EventDate "2011.05.16"]
[EventType "swiss"]
[EventRounds "9"]
[EventCountry "PAR"]
[Source "lmi"]
[SourceDate "2011.05.16"]

1. c4 g6 2. Nc3 Bg7 3. g3 Nf6 4. Bg2 O-O 5. e4 d6 6. Nge2 c5 7. O-O Nc6 8. d3
a6 9. f4 Bg4 10. h3 Bxe2 11. Nxe2 Nd7 12. g4 e6 13. Rb1 Rb8 14. Be3 b5 15. b3
Nd4 16. Ng3 e5 17. Ne2 Nxe2+ 18. Qxe2 exf4 19. Bxf4 Ne5 20. Qd2 1/2-1/2

[Event "Torneo Zonal FIDE 2.5 Masculino 2011"]
[Site "Asuncion PAR"]
[Date "2011.05.16"]
[Round "1.5"]
[White "Latorre, Matias"]
[Black "Lemos, Damian"]
[Result "0-1"]
[WhiteElo "2197"]
[BlackElo "2550"]
[PlyCount "124"]
[EventDate "2011.05.16"]
[EventType "swiss"]
[EventRounds "9"]
[EventCountry "PAR"]
[Source "lmi"]
[SourceDate "2011.05.16"]

1. d4 Nf6 2. c4 g6 3. g3 Bg7 4. Bg2 O-O 5. Nf3 c6 6. O-O d5 7. b3 Bf5 8. Nc3
Nbd7 9. Bb2 Ne4 10. Nxe4 Bxe4 11. e3 a5 12. Qe2 a4 13. Bh3 Bxf3 14. Qxf3 e6 15.
e4 dxe4 16. Qxe4 Qb6 17. Qc2 Rfd8 18. Rfd1 Nf8 19. c5 Qc7 20. b4 Nd7 21. Rd3 b5
22. cxb6 Nxb6 23. Bg2 a3 24. Rxa3 Rxa3 25. Bxa3 Bxd4 26. Rd1 Qa7 27. Bc1 Nd5
28. a3 Nc3 29. Rxd4 Qxd4 30. Bb2 Qd1+ 31. Qxd1 Rxd1+ 32. Bf1 Nb1 33. Kg2 Rd2
34. Bc1 Rc2 35. Be3 Nxa3 36. Bd3 Rb2 37. Be4 Nc2 38. Bc1 Rxb4 39. Bxc6 Ne1+ 40.
Kf1 Rc4 41. Bd2 Rxc6 42. Kxe1 f6 43. Bb4 Kf7 44. Ke2 e5 45. Ke3 Ke6 46. h4 Rc4
47. Bd2 Ra4 48. Be1 Kf5 49. Kf3 Ra3+ 50. Kg2 Ke4 51. Bb4 Rb3 52. Be7 f5 53. Bg5
f4 54. gxf4 exf4 55. Bh6 Rb5 56. Bf8 g5 57. Be7 g4 58. Bd8 Rb2 59. Bf6 Rc2 60.
Bd8 g3 61. Bb6 Kf5 62. h5 Kg4 0-1

[Event "Torneo Zonal FIDE 2.5 Masculino 2011"]
[Site "Asuncion PAR"]
[Date "2011.05.16"]
[Round "1.6"]
[White "Rodriguez Vila, Andres"]
[Black "Jodorcovsky Werjivker, Paulo"]
[Result "1-0"]
[WhiteElo "2527"]
[BlackElo "2182"]
[PlyCount "61"]
[EventDate "2011.05.16"]
[EventType "swiss"]
[EventRounds "9"]
[EventCountry "PAR"]
[Source "lmi"]
[SourceDate "2011.05.16"]

1. f4 d5 2. Nf3 Nf6 3. g3 g6 4. Bg2 Bg7 5. O-O b6 6. a4 a5 7. d3 Bb7 8. Nc3 O-O
9. Qe1 Na6 10. e4 dxe4 11. dxe4 Nb4 12. Rf2 e6 13. e5 Nfd5 14. Ne4 Qe7 15. Rd2
Na6 16. b3 Rfd8 17. Ba3 Qe8 18. Rad1 h6 19. Nd4 Rdb8 20. Nb5 Kh8 21. c4 Ndb4
22. Bxb4 axb4 23. Rd7 Rd8 24. Nxc7 Nxc7 25. Rxd8 Rxd8 26. Nd6 Rxd6 27. exd6
Bxg2 28. dxc7 Bf6 29. Rd8 Bxd8 30. c8=Q Bc6 31. Qe5+ 1-0

[Event "Torneo Zonal FIDE 2.5 Masculino 2011"]
[Site "Asuncion PAR"]
[Date "2011.05.16"]
[Round "1.8"]
[White "Pierrot, Facundo"]
[Black "Toniutti, Ezio"]
[Result "1/2-1/2"]
[WhiteElo "2449"]
[BlackElo "2133"]
[PlyCount "77"]
[EventDate "2011.05.16"]
[EventType "swiss"]
[EventRounds "9"]
[EventCountry "PAR"]
[Source "lmi"]
[SourceDate "2011.05.16"]

1. e4 e5 2. Nf3 Nc6 3. Bb5 a6 4. Ba4 Nge7 5. O-O g6 6. c3 Bg7 7. d4 exd4 8.
cxd4 b5 9. Bb3 d6 10. Nc3 O-O 11. a3 Na5 12. Bc2 Bb7 13. b3 c5 14. Bg5 h6 15.
Be3 Nac6 16. Qd2 d5 17. Bxh6 Nxd4 18. Bxg7 Nxf3+ 19. gxf3 Kxg7 20. exd5 Qd7 21.
Ne4 Nxd5 22. Qg5 Qh3 23. Ng3 f5 24. Rfe1 Rf6 25. Re5 Kf7 26. Rd1 Rd8 27. Bd3
Rdd6 28. Bf1 Qh8 29. a4 Bc6 30. axb5 axb5 31. Ra1 Bd7 32. Qc1 Rfe6 33. Rxe6
Bxe6 34. Ra7+ Ne7 35. Qxc5 Qd4 36. b4 Qxc5 37. bxc5 Rc6 38. Bxb5 Rxc5 39. Bd7
1/2-1/2

[Event "Torneo Zonal FIDE 2.5 Masculino 2011"]
[Site "Asuncion PAR"]
[Date "2011.05.16"]
[Round "1.9"]
[White "Daneri, Martin"]
[Black "Roselli Mailhe, Bernardo"]
[Result "1/2-1/2"]
[WhiteElo "2095"]
[BlackElo "2437"]
[PlyCount "85"]
[EventDate "2011.05.16"]
[EventType "swiss"]
[EventRounds "9"]
[EventCountry "PAR"]
[Source "lmi"]
[SourceDate "2011.05.16"]

1. Nf3 Nf6 2. g3 g6 3. Bg2 Bg7 4. O-O O-O 5. d4 d6 6. a4 a5 7. c3 Na6 8. Na3 d5
9. Bf4 Bf5 10. Be5 Qd7 11. Re1 Be4 12. Nd2 Bxg2 13. Kxg2 Rad8 14. Qb3 b6 15.
Qb5 Nb8 16. Bxf6 Bxf6 17. e4 e6 18. exd5 exd5 19. Nf3 Rfe8 20. Qxd7 Nxd7 21.
Nb5 c6 22. Na3 Kf8 23. Kf1 Rxe1+ 24. Rxe1 Be7 25. Nc2 Bd6 26. Re3 h6 27. Nce1
Rb8 28. Nd3 b5 29. axb5 Rxb5 30. Re1 Nb6 31. Ra1 a4 32. Ke2 Nc4 33. Rxa4 Nxb2
34. Ra8+ Kg7 35. Nde5 Rb7 36. Nxc6 Nc4 37. Ra7 Rb2+ 38. Kf1 Rb1+ 39. Kg2 Rb2
40. Nd8 Ne3+ 41. Kh3 Rxf2 42. Rxf7+ Kh8 43. Rb7 1/2-1/2

[Event "Torneo Zonal FIDE 2.5 Masculino 2011"]
[Site "Asuncion PAR"]
[Date "2011.05.16"]
[Round "1.10"]
[White "Valdes Escobar, Alvaro"]
[Black "Goiriz, Y Damian"]
[Result "1-0"]
[WhiteElo "2419"]
[BlackElo "2093"]
[PlyCount "57"]
[EventDate "2011.05.16"]
[EventType "swiss"]
[EventRounds "9"]
[EventCountry "PAR"]
[Source "lmi"]
[SourceDate "2011.05.16"]

1. c4 e6 2. Nc3 d5 3. cxd5 exd5 4. d4 Nf6 5. Bg5 Be7 6. e3 O-O 7. Bd3 b6 8.
Bxf6 Bxf6 9. Qh5 g6 10. Qxd5 Qxd5 11. Nxd5 Bd8 12. Nf3 Bb7 13. Nc3 Nd7 14. O-O
Bf6 15. Be4 c6 16. Rfd1 Rfd8 17. Rac1 a6 18. Nd2 Rab8 19. Nc4 c5 20. Bxb7 cxd4
21. Nd5 Rxb7 22. Nd6 Rbb8 23. exd4 Bg5 24. Rc6 Nf6 25. Nxb6 Kg7 26. g3 Rxb6 27.
Rxb6 Nd5 28. Rxa6 Nb4 29. Ra4 1-0

[Event "Torneo Zonal FIDE 2.5 Masculino 2011"]
[Site "Asuncion PAR"]
[Date "2011.05.16"]
[Round "1.13"]
[White "Roman, Rodrigo"]
[Black "Latorre, Manuel"]
[Result "0-1"]
[WhiteElo "1986"]
[BlackElo "2312"]
[PlyCount "95"]
[EventDate "2011.05.16"]
[EventType "swiss"]
[EventRounds "9"]
[EventCountry "PAR"]
[Source "lmi"]
[SourceDate "2011.05.16"]

1. Nf3 Nf6 2. g3 g6 3. Bg2 Bg7 4. O-O O-O 5. c4 d6 6. Nc3 e5 7. d3 c6 8. Rb1
Re8 9. e4 a5 10. a3 Na6 11. h3 Nc7 12. d4 exd4 13. Nxd4 Ne6 14. Nxe6 Bxe6 15.
b3 Qc8 16. Kh2 Nd7 17. Ne2 a4 18. Nf4 axb3 19. Nxe6 Rxe6 20. Qxb3 Nc5 21. Qc2
Qe8 22. f3 f5 23. Be3 Qe7 24. Bxc5 dxc5 25. Qb3 f4 26. g4 Bd4 27. Rfd1 Ra7 28.
Rd3 Qc7 29. Bf1 Re7 30. h4 h6 31. Bh3 Qd8 32. Rbd1 Re5 33. g5 hxg5 34. Rxd4
cxd4 35. c5+ Kg7 36. Qc4 Qe7 37. Rxd4 Rxc5 38. Qd3 b5 39. Rd8 g4 40. Qd4+ Qe5
41. Rd7+ Rxd7 42. Qxd7+ Kh6 43. Qxg4 Qf6 44. Bf1 Rh5 45. Kh3 g5 46. e5 Qxe5 47.
Qd7 Rxh4+ 48. Kg2 0-1

[Event "Torneo Zonal FIDE 2.5 Masculino 2011"]
[Site "Asuncion PAR"]
[Date "2011.05.16"]
[Round "1.14"]
[White "Larrea, Manuel"]
[Black "Lipiniks, Leonardo"]
[Result "1-0"]
[WhiteElo "2299"]
[BlackElo "1852"]
[PlyCount "75"]
[EventDate "2011.05.16"]
[EventType "swiss"]
[EventRounds "9"]
[EventCountry "PAR"]
[Source "lmi"]
[SourceDate "2011.05.16"]

1. e4 d5 2. exd5 Nf6 3. c4 c6 4. d4 cxd5 5. Nc3 Nc6 6. Nf3 e6 7. cxd5 exd5 8.
Bd3 Be7 9. h3 O-O 10. O-O Be6 11. Re1 h6 12. a3 Rc8 13. Bf4 Re8 14. Rc1 Bf8 15.
Bb1 Ne7 16. g4 Ng6 17. Bg3 Nh7 18. Qd3 Bd6 19. Ne5 Nhf8 20. f4 Nxe5 21. dxe5
Bc5+ 22. Kh2 Bd7 23. Nxd5 Be6 24. Rcd1 Bxd5 25. Qxd5 Qb6 26. Qg2 Red8 27. Be4
Qb5 28. Bd5 Qa4 29. Qe4 Qxe4 30. Bxe4 b6 31. Bb7 Rb8 32. Bd5 a5 33. f5 g6 34.
e6 Rxd5 35. Rxd5 Rb7 36. Rxc5 bxc5 37. e7 Rxb2+ 38. Kg1 1-0

[Event "Torneo Zonal FIDE 2.5 Masculino 2011"]
[Site "Asuncion PAR"]
[Date "2011.05.16"]
[Round "1.15"]
[White "Heinechen, John"]
[Black "Kropff, Ricardo"]
[Result "0-1"]
[WhiteElo "1799"]
[BlackElo "2298"]
[PlyCount "68"]
[EventDate "2011.05.16"]
[EventType "swiss"]
[EventRounds "9"]
[EventCountry "PAR"]
[Source "lmi"]
[SourceDate "2011.05.16"]

1. e4 c6 2. Nc3 d5 3. Nf3 Bg4 4. h3 Bxf3 5. Qxf3 e6 6. g3 Nd7 7. d3 g6 8. Bg2
Bg7 9. O-O Ne7 10. Rb1 O-O 11. Qe2 a5 12. Bd2 a4 13. a3 b5 14. Na2 Re8 15. f4
Qb6+ 16. Kh2 c5 17. Bc3 d4 18. Bd2 e5 19. b4 axb3 20. Rxb3 b4 21. Bc1 Qd6 22.
Bb2 Ra4 23. Nc1 Rea8 24. axb4 cxb4 25. Qf2 Nc5 26. fxe5 Bxe5 27. Qxf7+ Kh8 28.
Ne2 Nxb3 29. cxb3 Ra2 30. Rb1 Rc8 31. Nf4 Qf6 32. Qxf6+ Bxf6 33. Nd5 Nxd5 34.
exd5 Rc2 0-1

[Event "Torneo Zonal FIDE 2.5 Masculino 2011"]
[Site "Asuncion PAR"]
[Date "2011.05.16"]
[Round "1.16"]
[White "Mayorga, Nicolas"]
[Black "Florentin, Damaso"]
[Result "1-0"]
[WhiteElo "2293"]
[BlackElo "1743"]
[PlyCount "137"]
[EventDate "2011.05.16"]
[EventType "swiss"]
[EventRounds "9"]
[EventCountry "PAR"]
[Source "lmi"]
[SourceDate "2011.05.16"]

1. e4 d6 2. d4 c6 3. f4 Qc7 4. Nf3 Nd7 5. Nc3 e5 6. Bc4 Be7 7. O-O Ngf6 8. a4
a6 9. Kh1 Rb8 10. dxe5 dxe5 11. Nxe5 O-O 12. Nxd7 Bxd7 13. e5 Bg4 14. Qe1 Nd7
15. Qg3 Bf5 16. Bd3 Bxd3 17. cxd3 f5 18. d4 Qb6 19. d5 cxd5 20. Nxd5 Qe6 21.
Nxe7+ Qxe7 22. b3 Rfc8 23. Ba3 Qe6 24. Bd6 Ra8 25. Rac1 Nf8 26. Qf3 Qf7 27.
Bxf8 Kxf8 28. Qe3 Qe6 29. h3 Rxc1 30. Rxc1 Rc8 31. Rd1 Rc6 32. Qd3 h6 33. Qd8+
Qe8 34. Qd5 Qe7 35. Kh2 Qh4 36. Rd4 Rc3 37. Qd6+ Kg8 38. Qd8+ Qxd8 39. Rxd8+
Kh7 40. e6 Re3 41. Rb8 b5 42. Rb6 bxa4 43. bxa4 a5 44. Ra6 Kg6 45. g4 Kf6 46.
e7+ Kxe7 47. Rxa5 Ra3 48. gxf5 Kf6 49. Kg2 h5 50. h4 Kf7 51. Ra6 Ke7 52. a5 Kf7
53. Kf2 Ke7 54. Ke2 Kf7 55. Ra8 Kf6 56. a6 Kxf5 57. a7 Kg4 58. f5 Kxh4 59. Kd2
Kg4 60. f6 gxf6 61. Rg8+ Kf3 62. a8=Q+ Rxa8 63. Rxa8 h4 64. Rh8 Kg3 65. Ke3 f5
66. Rg8+ Kh2 67. Kf3 f4 68. Rh8 h3 69. Rh7 1-0

[Event "Torneo Zonal FIDE 2.5 Masculino 2011"]
[Site "Asuncion PAR"]
[Date "2011.05.16"]
[Round "1.17"]
[White "Saldana, Fernando Javier"]
[Black "Sabas, Jorge"]
[Result "0-1"]
[WhiteElo "1742"]
[BlackElo "2267"]
[PlyCount "86"]
[EventDate "2011.05.16"]
[EventType "swiss"]
[EventRounds "9"]
[EventCountry "PAR"]
[Source "lmi"]
[SourceDate "2011.05.16"]

1. Nf3 d5 2. d4 Nf6 3. c4 c6 4. cxd5 cxd5 5. g3 Nc6 6. Bg2 e6 7. O-O Be7 8. Nc3
O-O 9. Bg5 h6 10. Bxf6 Bxf6 11. e3 Rb8 12. a3 b5 13. b4 a5 14. Qb3 Be7 15. Na2
Qd6 16. Rab1 Bd7 17. Rfc1 axb4 18. axb4 Ra8 19. Bf1 Qb8 20. Ne1 Qa7 21. Rb2
Rfb8 22. Nd3 Nd8 23. Nc5 Be8 24. Rcb1 Nb7 25. Nc1 Nd6 26. Ra2 Qb6 27. Rba1 Qd8
28. Rxa8 Rxa8 29. Rxa8 Qxa8 30. Qa2 Qb8 31. Qa6 h5 32. h4 g5 33. hxg5 Bxg5 34.
N1d3 Nc4 35. Nf4 h4 36. Ne2 hxg3 37. Nxg3 Bxe3 38. Ne2 Bd2 39. Nd3 Qd6 40. Qc8
Kf8 41. Qc5 Qxc5 42. bxc5 b4 43. Nec1 Ba4 0-1

[Event "Torneo Zonal FIDE 2.5 Masculino 2011"]
[Site "Asuncion PAR"]
[Date "2011.05.16"]
[Round "1.18"]
[White "Avalos Parra, Joao"]
[Black "Torres, Mauricio"]
[Result "1-0"]
[WhiteElo "2251"]
[BlackElo "1724"]
[PlyCount "39"]
[EventDate "2011.05.16"]
[EventType "swiss"]
[EventRounds "9"]
[EventCountry "PAR"]
[Source "lmi"]
[SourceDate "2011.05.16"]

1. c4 g6 2. g3 Bg7 3. Bg2 Nf6 4. Nc3 O-O 5. Nf3 d6 6. O-O Nc6 7. d4 Bd7 8. a3
e5 9. dxe5 dxe5 10. Bg5 Be6 11. Qa4 h6 12. Bxf6 Qxf6 13. Nd2 Rab8 14. e3 Bd7
15. Nde4 Qd8 16. Nc5 Be8 17. Rad1 Qe7 18. b4 f5 19. Nd5 Qf7 20. b5 1-0

[Event "Torneo Zonal FIDE 2.5 Masculino 2011"]
[Site "Asuncion PAR"]
[Date "2011.05.17"]
[Round "2.1"]
[White "Flores, Diego"]
[Black "Lujan, Carolina"]
[Result "1/2-1/2"]
[WhiteElo "2611"]
[BlackElo "2353"]
[PlyCount "47"]
[EventDate "2011.05.16"]
[EventType "swiss"]
[EventRounds "9"]
[EventCountry "PAR"]
[Source "lmi"]
[SourceDate "2011.05.16"]

1. c4 f5 2. g3 Nf6 3. Bg2 g6 4. Nf3 Bg7 5. O-O O-O 6. Nc3 d6 7. d3 e5 8. Rb1
Nc6 9. b4 h6 10. b5 Ne7 11. a4 g5 12. c5 Be6 13. Ba3 f4 14. cxd6 cxd6 15. Nd2
Rc8 16. Nce4 Ne8 17. Rc1 Rxc1 18. Qxc1 b6 19. Qb1 d5 20. Nc3 Rf7 21. Rc1 Nf5
22. Nb3 Nf6 23. a5 fxg3 24. hxg3 1/2-1/2

[Event "Torneo Zonal FIDE 2.5 Masculino 2011"]
[Site "Asuncion PAR"]
[Date "2011.05.17"]
[Round "2.2"]
[White "Latorre, Manuel"]
[Black "Mareco, Sandro"]
[Result "1/2-1/2"]
[WhiteElo "2312"]
[BlackElo "2591"]
[PlyCount "38"]
[EventDate "2011.05.16"]
[EventType "swiss"]
[EventRounds "9"]
[EventCountry "PAR"]
[Source "lmi"]
[SourceDate "2011.05.16"]

1. d4 Nf6 2. c4 e6 3. Nf3 d5 4. Bg5 h6 5. Bxf6 Qxf6 6. e3 g6 7. Nc3 c6 8. Bd3
Bg7 9. O-O O-O 10. Ne5 Nd7 11. f4 Qe7 12. c5 Nxe5 13. fxe5 b6 14. b4 Bd7 15.
Qg4 Rfb8 16. Rab1 Be8 17. h4 Qd8 18. h5 g5 19. Nd1 a5 1/2-1/2

[Event "Torneo Zonal FIDE 2.5 Masculino 2011"]
[Site "Asuncion PAR"]
[Date "2011.05.17"]
[Round "2.3"]
[White "Lemos, Damian"]
[Black "Larrea, Manuel"]
[Result "1-0"]
[WhiteElo "2550"]
[BlackElo "2299"]
[PlyCount "45"]
[EventDate "2011.05.16"]
[EventType "swiss"]
[EventRounds "9"]
[EventCountry "PAR"]
[Source "lmi"]
[SourceDate "2011.05.16"]

1. d4 f5 2. c4 Nf6 3. Nf3 e6 4. g3 d5 5. Bg2 c6 6. O-O Bd6 7. Qc2 O-O 8. Nc3
Bd7 9. Bg5 h6 10. Bxf6 Qxf6 11. Qb3 b6 12. cxd5 cxd5 13. Nxd5 exd5 14. Qxd5+
Qe6 15. Qxa8 Nc6 16. Qb7 Rb8 17. Qa6 Nb4 18. Qxa7 Bb5 19. d5 Qf6 20. a3 Nc2 21.
Rac1 Qxb2 22. a4 Bxe2 23. Qd7 1-0

[Event "Torneo Zonal FIDE 2.5 Masculino 2011"]
[Site "Asuncion PAR"]
[Date "2011.05.17"]
[Round "2.4"]
[White "Kropff, Ricardo"]
[Black "Rodriguez Vila, Andres"]
[Result "0-1"]
[WhiteElo "2298"]
[BlackElo "2527"]
[PlyCount "66"]
[EventDate "2011.05.16"]
[EventType "swiss"]
[EventRounds "9"]
[EventCountry "PAR"]
[Source "lmi"]
[SourceDate "2011.05.16"]

1. c4 d6 2. Nc3 g6 3. g3 Bg7 4. Bg2 Nf6 5. Nf3 e5 6. d3 Nc6 7. O-O h6 8. Rb1
Be6 9. b4 Qd7 10. b5 Ne7 11. Re1 Bh3 12. Bh1 O-O 13. a4 Ng4 14. Qb3 f5 15. Nd2
f4 16. Nde4 Nf5 17. c5+ Kh8 18. cxd6 cxd6 19. Ba3 Nd4 20. Qa2 Rf5 21. Bxd6 Rh5
22. Bc5 Nxh2 23. Qd5 Qg4 24. Bxd4 exd4 25. Qxb7 Rf8 26. f3 Qe6 27. Nd1 fxg3 28.
Qc6 Qe5 29. Qxg6 g2 30. Bxg2 Bxg2 31. Qg3 Bxf3 32. Qxe5 Bxe5 33. exf3 Nxf3+ 0-1

[Event "Torneo Zonal FIDE 2.5 Masculino 2011"]
[Site "Asuncion PAR"]
[Date "2011.05.17"]
[Round "2.6"]
[White "Hobaica, Juan Pablo"]
[Black "Mayorga, Nicolas"]
[Result "1-0"]
[WhiteElo "2407"]
[BlackElo "2293"]
[PlyCount "125"]
[EventDate "2011.05.16"]
[EventType "swiss"]
[EventRounds "9"]
[EventCountry "PAR"]
[Source "lmi"]
[SourceDate "2011.05.16"]

1. Nf3 Nf6 2. c4 g6 3. Nc3 Bg7 4. d4 d5 5. Qb3 dxc4 6. Qxc4 O-O 7. e4 Bg4 8.
Be3 Nfd7 9. Rd1 Nc6 10. Qb3 Nb6 11. d5 Ne5 12. Be2 Nxf3+ 13. gxf3 Bh3 14. Rg1
Qc8 15. Rg3 c6 16. f4 Bd7 17. f5 Kh8 18. fxg6 fxg6 19. Qb4 Rf7 20. h4 cxd5 21.
h5 Qc6 22. hxg6 hxg6 23. exd5 Qf6 24. Bd3 Bf5 25. Bxf5 Qxf5 26. Rg5 Qc2 27.
Qh4+ Kg8 28. Rd2 Qc1+ 29. Ke2 Rf6 30. Ne4 Raf8 31. Nxf6+ Rxf6 32. Qe4 Kf7 33.
Rc2 Qb1 34. Bd4 Rd6 35. Bxg7 Kxg7 36. Qxe7+ Kh6 37. Rd2 Rd7 38. Qe3 Nc4 39.
Rg1+ Nxe3 40. Rxb1 Nxd5 41. Rbd1 Nf4+ 42. Kf3 Rf7 43. Rd7 Rf5 44. Rxb7 Nh3+ 45.
Kg2 Nf4+ 46. Kf1 Rh5 47. Ke1 Re5+ 48. Kd2 Re2+ 49. Kc3 Rxf2 50. Rxa7 g5 51.
Rd6+ Kh5 52. Rh7+ Kg4 53. Rg7 Ne2+ 54. Kb4 Rf4+ 55. Kc5 Ng3 56. Rdg6 Ne4+ 57.
Kc6 Rf2 58. b4 Rxa2 59. b5 Rc2+ 60. Kb7 Kf5 61. Rc6 Ra2 62. b6 Ke5 63. Kc7 1-0

[Event "Torneo Zonal FIDE 2.5 Masculino 2011"]
[Site "Asuncion PAR"]
[Date "2011.05.17"]
[Round "2.8"]
[White "Toniutti, Ezio"]
[Black "Bachmann, Axel"]
[Result "1-0"]
[WhiteElo "2133"]
[BlackElo "2551"]
[PlyCount "71"]
[EventDate "2011.05.16"]
[EventType "swiss"]
[EventRounds "9"]
[EventCountry "PAR"]
[Source "lmi"]
[SourceDate "2011.05.16"]

1. d4 g6 2. c4 Bg7 3. e4 d6 4. Nc3 Nf6 5. f4 O-O 6. Nf3 c5 7. d5 e6 8. dxe6
fxe6 9. Bd3 Nc6 10. O-O Nd4 11. Nxd4 cxd4 12. Nb5 e5 13. Qb3 Be6 14. Qb4 Ne8
15. Bd2 Qd7 16. Rac1 a6 17. Na3 Nf6 18. fxe5 dxe5 19. c5 a5 20. Qb5 Qe7 21. Nc4
a4 22. Nb6 Rad8 23. c6 Ng4 24. h3 bxc6 25. Rxc6 Rxf1+ 26. Bxf1 Rf8 27. Bc4 Kh8
28. Bxe6 Qh4 29. Qe2 d3 30. Qe1 Qxe1+ 31. Bxe1 Ne3 32. Rc8 Rxc8 33. Bxc8 a3 34.
bxa3 Bf8 35. Nd7 Bxa3 36. Ba6 1-0

[Event "Torneo Zonal FIDE 2.5 Masculino 2011"]
[Site "Asuncion PAR"]
[Date "2011.05.17"]
[Round "2.10"]
[White "Vazquez, Guilermo"]
[Black "Pierrot, Facundo"]
[Result "0-1"]
[WhiteElo "2199"]
[BlackElo "2449"]
[PlyCount "90"]
[EventDate "2011.05.16"]
[EventType "swiss"]
[EventRounds "9"]
[EventCountry "PAR"]
[Source "lmi"]
[SourceDate "2011.05.16"]

1. e4 e5 2. Bc4 Nf6 3. d3 c6 4. Nf3 Be7 5. O-O d6 6. Nbd2 Nbd7 7. c3 O-O 8. Re1
b5 9. Bb3 Nc5 10. Bc2 Qc7 11. Nf1 Re8 12. Ng3 Bf8 13. d4 Ne6 14. a4 Bd7 15.
axb5 cxb5 16. d5 Nf4 17. Bd2 g6 18. Nf1 a5 19. Ne3 Be7 20. g3 N4h5 21. b4 Ng4
22. Nxg4 Bxg4 23. Bd3 axb4 24. Rxa8 Rxa8 25. cxb4 Ra3 26. Be2 Nf6 27. Ng5 Bd7
28. Qb1 Qa7 29. Rd1 h6 30. Nf3 Ng4 31. Be1 f5 32. Nh4 f4 33. Kg2 Kh7 34. Rc1
Bf6 35. Nf3 Bd8 36. h3 Nf6 37. g4 Bb6 38. Nd2 h5 39. f3 Be3 40. Kf1 hxg4 41.
hxg4 Bxd2 42. Bxd2 Nxg4 43. fxg4 Rg3 44. Ke1 Qg1+ 45. Bf1 Rf3 0-1

[Event "Torneo Zonal FIDE 2.5 Masculino 2011"]
[Site "Asuncion PAR"]
[Date "2011.05.17"]
[Round "2.11"]
[White "Roselli Mailhe, Bernardo"]
[Black "Richter Becerra, Hans"]
[Result "1/2-1/2"]
[WhiteElo "2437"]
[BlackElo "2148"]
[PlyCount "125"]
[EventDate "2011.05.16"]
[EventType "swiss"]
[EventRounds "9"]
[EventCountry "PAR"]
[Source "lmi"]
[SourceDate "2011.05.16"]

1. d4 Nf6 2. c4 e6 3. Nf3 d5 4. Nc3 Be7 5. Bg5 h6 6. Bh4 O-O 7. Rc1 b6 8. cxd5
Nxd5 9. Bxe7 Qxe7 10. Nxd5 exd5 11. g3 c6 12. Bg2 Bb7 13. O-O Nd7 14. Re1 Qd6
15. Qd2 Rfe8 16. Qf4 Qxf4 17. gxf4 Rad8 18. Bh3 Nb8 19. e3 Bc8 20. Bf1 Rd6 21.
Bd3 Ba6 22. Red1 Rc8 23. b4 Bxd3 24. Rxd3 Nd7 25. Ne5 f6 26. Ng6 Kf7 27. f5 Nf8
28. Nf4 g5 29. Ne2 Rd7 30. Nc3 Rdc7 31. a4 Nd7 32. Rd2 Ke7 33. Kg2 a6 34. Kf3
Kf7 35. Rdc2 c5 36. Nxd5 Rc6 37. bxc5 bxc5 38. a5 cxd4 39. Rxc6 Rxc6 40. Rxc6
Ne5+ 41. Ke4 Nxc6 42. exd4 Nxa5 43. Nb4 Nb7 44. Kd5 a5 45. Nc2 Ke7 46. Kc6 Nd6
47. Ne3 Ne4 48. Nc4 a4 49. d5 a3 50. Nxa3 Nd6 51. Nb5 Nxf5 52. Kc7 g4 53. d6+
Nxd6 54. Nxd6 Ke6 55. Kc6 f5 56. Kc5 f4 57. Nc4 Kf5 58. Kd4 g3 59. fxg3 fxg3
60. Ne3+ Kf4 61. hxg3+ Kxg3 62. Nf5+ Kf4 63. Nxh6 1/2-1/2

[Event "Torneo Zonal FIDE 2.5 Masculino 2011"]
[Site "Asuncion PAR"]
[Date "2011.05.17"]
[Round "2.12"]
[White "Jimenez, Joaquin"]
[Black "Daneri, Martin"]
[Result "1-0"]
[WhiteElo "2224"]
[BlackElo "2095"]
[PlyCount "81"]
[EventDate "2011.05.16"]
[EventType "swiss"]
[EventRounds "9"]
[EventCountry "PAR"]
[Source "lmi"]
[SourceDate "2011.05.16"]

1. e4 e6 2. d4 d5 3. e5 Qd7 4. Bd3 b6 5. c3 Ba6 6. Bc2 c5 7. Ne2 Nc6 8. Be3
cxd4 9. Bxd4 Nge7 10. O-O Nxd4 11. cxd4 Nc6 12. Nbc3 Be7 13. f4 g6 14. Ba4 Rc8
15. Rc1 O-O 16. Rf3 Qb7 17. Bxc6 Rxc6 18. g4 Rfc8 19. Kg2 b5 20. a3 b4 21. axb4
Qxb4 22. Rc2 Qb3 23. Nc1 Qb6 24. h4 Rc4 25. Rd2 Bb4 26. N1e2 Ba5 27. h5 Qd8 28.
Qe1 R4c7 29. b4 Bb6 30. Na4 Bb5 31. Nc5 a5 32. hxg6 hxg6 33. Rh3 Qf8 34. f5
exf5 35. gxf5 Bxc5 36. f6 Bd7 37. Rh1 g5 38. Qb1 Qg7 39. fxg7 Kxg7 40. Qh7+ Kf8
41. bxc5 1-0